Culture Générale - Clic Quiz - La réponse est en image #4 - Statistiques

Statistiques générales
  • Ce quiz a été pris 916 fois
  • Le résultat moyen est 26 sur 40
Statistiques - réponses
Hint Réponse % Correct
Une Rose
91%
Facebook
91%
You Tube
91%
WhatsApp
91%
Instagram
91%
Une Tulipe
87%
Elvis Presley
87%
La lettre L
87%
Une Maguerite
86%
Tiktok
85%
Discord
85%
Stationnement Interdit
83%
Mike Tyson
81%
La lettre Y
79%
Charles Leclerc
76%
Pierre Gasly
74%
Logan Paul
74%
Texas
70%
Max Verstappen
69%
Priorité à droite
69%
Francis Ngannou
68%
Circulation interdite à tout véhicule dans les deux sens
66%
Jimi Hendrix
59%
Frank Sinatra
58%
Jim Morrison
58%
Priorité Ponctuelle
57%
Sebastian Vettel
56%
Floyd Jr. Mayweather
55%
Ohio
51%
Route à caractère prioritaire
51%
Un coquelicot
48%
Bob Dylan
46%
Arizona
42%
Tyson Fury
41%
Une Gentiane
39%
Mississippi
35%
La lettre U
34%
La lettre B
33%
Connecticut
31%
La lettre S
27%
Aucun quiz correspondant
Distribution des résultats
% des personnes avec chaque résultat
Percentile par nombre de réponses
Votre historique - résultats
Vous n’avez pas pris ce quiz